[Event "Superettan(Horndal-Vasteras)"]
[Site "?"]
[Date "2017.03.04"]
[Round "6"]
[White "Rorvall, Goran"]
[Black "Nilsson, Andre"]
[Result "0-1"]
[WhiteElo "2165"]
[BlackElo "2267"]
[PlyCount "108"]
1. e4 g6 2. d4 Bg7 3. Nf3 d6 4. Be2 Nf6 5. Nc3 O-O 6. O-O c6 7. a4 Nbd7 8. h3
e5 9. dxe5 dxe5 10. a5 Qe7 11. Bg5 h6 12. Be3 Nc5 13. Qc1 Kh7 14. Nd2 Ne6 15.
Bd3 Nd7 16. Nb3 Nd4 17. Bxd4 exd4 18. Ne2 c5 19. Nd2 Ne5 20. f4 Nc6 21. Nc4 Be6
22. Ng3 Qc7 23. e5 Bxc4 24. Bxc4 Nxa5 25. Bd5 Rad8 26. Be4 b6 27. Nh5 Nc4 28.
Nxg7 Kxg7 29. Rf3 a5 30. b3 Ne3 31. Qe1 f6 32. Rg3 f5 33. Bd3 Nd5 34. Qf2 Qc6
35. Re1 Rde8 36. h4 h5 37. Rg5 Nb4 38. Be2 Rh8 39. Bf3 Qe6 40. Rd1 Na2 41. Qg3
Nc3 42. Re1 Kf7 43. Bb7 Rb8 44. Bf3 b5 45. Bc6 Rb6 46. Bf3 a4 47. bxa4 bxa4 48.
Ra1 Rb2 49. Qf2 Rhb8 50. Ra3 R8b3 51. cxb3 Rxf2 52. Kxf2 Qb6 53. e6+ Qxe6 54.
bxa4 Qe3+ 0-1

[Event "Superettan(Orgryte-Schack 08)"]
[Site "?"]
[Date "2017.03.04"]
[Round "6"]
[White "Drugge, Patrick"]
[Black "Fransson, Patrick"]
[Result "0-1"]
[WhiteElo "2189"]
[BlackElo "2133"]
[PlyCount "106"]
1. e4 c6 2. d4 d5 3. exd5 cxd5 4. c4 e6 5. Nc3 Nf6 6. Nf3 Be7 7. Bf4 O-O 8. c5
b6 9. b4 Ne4 10. Rc1 a5 11. a3 axb4 12. axb4 bxc5 13. bxc5 Nc6 14. Bd3 Qa5 15.
Bd2 Nxd2 16. Qxd2 Ba6 17. O-O Bxd3 18. Qxd3 Rfb8 19. Rb1 Bf6 20. g4 g6 21. g5
Bg7 22. h4 Qa3 23. h5 gxh5 24. Kg2 Rxb1 25. Rxb1 Rd8 26. Rb7 Rc8 27. Qe3 Qa8
28. Rd7 Qb8 29. Na4 Qb4 30. Nb6 Rf8 31. Rc7 Nxd4 32. Nd7 Nf5 33. Qd3 Qg4+ 34.
Kf1 Ra8 35. Nb6 Ra1+ 36. Ne1 Be5 37. Rc8+ Kg7 38. Nd7 Qb4 39. Qe2 Bc3 40. Nf6
Bxf6 41. gxf6+ Kxf6 42. c6 Rc1 43. c7 Qc4 44. Qxc4 Rxc4 45. Rh8 Rxc7 46. Rxh7
Kg6 47. Rh8 Rc3 48. Ke2 Ra3 49. Nd3 h4 50. Ne5+ Kg7 51. Rb8 Nd4+ 52. Kf1 h3 53.
Kg1 Nf3+ 0-1

[Event "Superettan(Horndal-Vasteras)"]
[Site "?"]
[Date "2017.03.04"]
[Round "6"]
[White "Norberg, Erik"]
[Black "Tiger-Norqvist, Axel"]
[Result "1/2-1/2"]
[WhiteElo "2238"]
[BlackElo "2158"]
[PlyCount "115"]
1. c4 Nf6 2. g3 g6 3. Bg2 Bg7 4. Nc3 O-O 5. e4 d6 6. Nge2 Nc6 7. O-O a6 8. d3
Rb8 9. f4 e5 10. h3 b5 11. f5 b4 12. Nd5 Nxd5 13. cxd5 Na5 14. Be3 c5 15. b3 f6
16. g4 g5 17. Kf2 Bd7 18. h4 h6 19. Rh1 Kf7 20. Qd2 Bb5 21. Ng1 Bd7 22. Nf3 Qe7
23. Rh2 Rh8 24. Rah1 Nb7 25. hxg5 hxg5 26. Nxg5+ fxg5 27. Bxg5 Rxh2 28. Bxe7
Rxh1 29. Bxh1 Kxe7 30. g5 Rf8 31. f6+ Bxf6 32. gxf6+ Rxf6+ 33. Ke3 Nd8 34. Bf3
Nf7 35. Qg2 Bb5 36. Bh5 Bd7 37. Qg8 Nd8 38. Bg4 Bxg4 39. Qxg4 a5 40. Qc8 Nf7
41. Qc7+ Kf8 42. Qxa5 Kg7 43. a4 bxa3 44. Qxa3 Kf8 45. Kd2 Nd8 46. Kc3 Rf7 47.
Qa8 Rd7 48. Kc4 Ke7 49. Qc8 Rb7 50. Kc3 Ke8 51. Kc2 Ke7 52. Qg4 Rb4 53. Qg5+
Kd7 54. Qf6 Nb7 55. Qf7+ Kc8 56. Qe7 Kb8 57. Qd7 Ka7 58. Kc3 1/2-1/2

[Event "Superettan(Orgryte-Schack 08)"]
[Site "?"]
[Date "2017.03.04"]
[Round "6"]
[White "Eksmyr, Johan"]
[Black "Schutz, Ingemar"]
[Result "1-0"]
[WhiteElo "2166"]
[BlackElo "2194"]
[PlyCount "91"]
1. d4 Nf6 2. Nf3 g6 3. Bf4 Bg7 4. e3 O-O 5. Be2 d6 6. h3 Nbd7 7. O-O Qe8 8. a4
e5 9. Bh2 e4 10. Nfd2 a5 11. Na3 Qe7 12. Nb5 Ne8 13. c4 Bh6 14. Qb3 b6 15. Nxe4
f5 16. c5+ Kh8 17. cxd6 Qg7 18. Qd5 c6 19. Qxc6 Rb8 20. Nd2 Bb7 21. Qc3 Rc8 22.
Qb3 f4 23. Bf3 Ba6 24. Ne4 Ndf6 25. Nxf6 Rxf6 26. d7 Qxd7 27. Bg4 Qd8 28. Bxc8
Bxc8 29. exf4 Bb7 30. Rfe1 Ng7 31. d5 Nh5 32. Qc3 Qxd5 33. Re8+ Bf8 34. f3 Kg8
35. Qe5 Qf7 36. Re1 Ng7 37. Rb8 Re6 38. Qc3 Nf5 39. Rxe6 Qxe6 40. Nd4 Nxd4 41.
Kh1 Ne2 42. Qe5 Qc4 43. Qe3 Bd5 44. f5 Kg7 45. f6+ Kf7 46. Rxf8+ 1-0

[Event "Superettan(Horndal-Vasteras)"]
[Site "?"]
[Date "2017.03.04"]
[Round "6"]
[White "Seger, Goran"]
[Black "Landgren, Andreas"]
[Result "0-1"]
[WhiteElo "2083"]
[BlackElo "2215"]
[PlyCount "72"]
1. e4 c5 2. Nf3 d6 3. d4 cxd4 4. Nxd4 Nf6 5. Nc3 a6 6. Bc4 b5 7. Bb3 e6 8. a3
Be7 9. O-O O-O 10. Kh1 Bb7 11. f4 Nxe4 12. Nxe4 Bxe4 13. f5 e5 14. Ne2 Nd7 15.
Ng3 Bb7 16. Nh5 Nf6 17. Bg5 Nxh5 18. Bxe7 Qxe7 19. Qxh5 Kh8 20. Rad1 f6 21. Rd3
h6 22. Rfd1 Rad8 23. Be6 Be4 24. R3d2 Qb7 25. Qe2 d5 26. Qxe4 dxe4 27. Rxd8 Qe7
28. R8d7 Qc5 29. b4 Qxc2 30. Rd8 Kh7 31. h4 Rxd8 32. Rxd8 g5 33. fxg6+ Kxg6 34.
h5+ Kg7 35. Rg8+ Kh7 36. Rg3 e3 0-1

[Event "Superettan(Orgryte-Schack 08)"]
[Site "?"]
[Date "2017.03.04"]
[Round "6"]
[White "Ottenklev, Niclas"]
[Black "Lauritzson, Peter"]
[Result "1-0"]
[WhiteElo "2168"]
[BlackElo "2133"]
[PlyCount "99"]
1. e4 c5 2. Nf3 Nc6 3. Bb5 e6 4. Bxc6 bxc6 5. b3 d6 6. Bb2 e5 7. h3 Nf6 8. Qe2
Be7 9. O-O Nh5 10. Nc3 Nf4 11. Qe3 g5 12. Nh2 h5 13. Ne2 Ng6 14. Kh1 Be6 15. c3
g4 16. d4 gxh3 17. g3 h4 18. dxc5 hxg3 19. fxg3 Bg5 20. Qf2 d5 21. Rad1 O-O 22.
c4 d4 23. Bc1 Be7 24. Bh6 Bxc5 25. Bxf8 Bxf8 26. Nc1 Qc7 27. Nd3 c5 28. Qd2 Qc6
29. Rde1 Kh7 30. Qg5 Bh6 31. Qh5 f5 32. Rxf5 Bxf5 33. Qxf5 Rf8 34. Qxh3 Kg7 35.
Ng4 Be3 36. Qg2 Rh8+ 37. Nh2 Qf6 38. Rf1 Qg5 39. Nxc5 Qe7 40. Nd3 Nf8 41. Rf5
Ne6 42. Qe2 Rh6 43. Nxe5 Ng5 44. Qg4 Kh7 45. Kg2 Qa3 46. Qe2 Nxe4 47. Nhg4 Nc3
48. Qc2 Qb4 49. Rf7+ Kh8 50. Nxh6 1-0

[Event "Superettan(Horndal-Vasteras)"]
[Site "?"]
[Date "2017.03.04"]
[Round "6"]
[White "Grueso Cordoba, Santiago"]
[Black "Eriksson, Magnus"]
[Result "0-1"]
[WhiteElo "2229"]
[BlackElo "2037"]
[PlyCount "46"]
1. e4 e6 2. d4 d5 3. Nc3 Bb4 4. e5 c5 5. Bd2 cxd4 6. Nb5 Bxd2+ 7. Qxd2 Nc6 8.
Nf3 f6 9. exf6 Nxf6 10. Nbxd4 O-O 11. Nxc6 bxc6 12. Bd3 Qc7 13. Qe2 e5 14. Nxe5
Re8 15. f4 Ng4 16. O-O-O Nxe5 17. Bxh7+ Kh8 18. fxe5 Rxe5 19. Qd3 Bg4 20. Rdf1
Be2 21. Qh3 Rh5 22. Qg3 Qxg3 23. hxg3 Rxh7 0-1

[Event "Superettan(Orgryte-Schack 08)"]
[Site "?"]
[Date "2017.03.04"]
[Round "6"]
[White "Subramanian, Aditya"]
[Black "Wikstrom, Per"]
[Result "1-0"]
[WhiteElo "2044"]
[BlackElo "2194"]
[PlyCount "81"]
1. c4 c6 2. e4 e5 3. Nf3 Nf6 4. Nc3 Bb4 5. Nxe5 O-O 6. Nd3 Bxc3 7. dxc3 Nxe4 8.
Be2 d6 9. O-O Na6 10. Be3 Bf5 11. f3 Nec5 12. Nxc5 dxc5 13. Qxd8 Raxd8 14. Rfd1
f6 15. g4 Bg6 16. Rxd8 Rxd8 17. Rd1 Rxd1+ 18. Bxd1 Bd3 19. b3 Kf7 20. Kf2 b6
21. Bf4 Ke6 22. Ke3 Bf1 23. Bc2 g5 24. Bg3 Kd7 25. Kf2 Bh3 26. Bxh7 b5 27. Bf5+
Kd8 28. Bd3 b4 29. cxb4 Nxb4 30. Bb1 Na6 31. a3 Nc7 32. Bxc7+ Kxc7 33. Bd3 Kd6
34. Kg3 Ke5 35. Kxh3 Kd4 36. Be4 Kc3 37. b4 cxb4 38. axb4 Kxb4 39. Bxc6 Kxc4
40. Kg3 Kc5 41. Be8 1-0

[Event "Superettan(Horndal-Vasteras)"]
[Site "?"]
[Date "2017.03.04"]
[Round "6"]
[White "Bengts, Torleif"]
[Black "Gillefalk, Bjorn"]
[Result "1-0"]
[WhiteElo "2082"]
[BlackElo "2096"]
[PlyCount "49"]
1. e4 e6 2. g3 d5 3. Bg2 dxe4 4. Bxe4 Nf6 5. Bg2 Bc5 6. Ne2 e5 7. d3 O-O 8. O-O
Nc6 9. h3 Be6 10. Nbc3 h6 11. Kh2 Qd7 12. f4 Rad8 13. fxe5 Nxe5 14. Bf4 Ng6 15.
Bxh6 Ng4+ 16. hxg4 gxh6 17. Qd2 Ne5 18. Ne4 Nxg4+ 19. Kh1 Be7 20. Nf4 f5 21.
Nc3 Bc5 22. Rae1 Bf7 23. Nd1 c6 24. c3 Bxa2 25. b4 1-0

[Event "Superettan(Kamraterna-Vaxjo)"]
[Site "?"]
[Date "2017.03.04"]
[Round "6"]
[White "Solodovnichenko, Yuri"]
[Black "Aberg, Anton"]
[Result "1-0"]
[WhiteElo "2569"]
[BlackElo "2382"]
[PlyCount "101"]
1. e4 c6 2. Nf3 d5 3. Nc3 Bg4 4. h3 Bxf3 5. Qxf3 e6 6. d4 Nf6 7. Bd3 dxe4 8.
Nxe4 Nxe4 9. Qxe4 Nd7 10. c3 Nf6 11. Qe2 Bd6 12. O-O Qc7 13. Qf3 O-O 14. Re1
Rfe8 15. Bg5 Nd7 16. Rad1 Be7 17. Bf4 Bd6 18. Bg5 Be7 19. Bc1 Nf8 20. a3 Rad8
21. g3 Rd7 22. h4 Red8 23. b4 Bd6 24. Qe4 Be7 25. Kg2 Bd6 26. Bc2 Be7 27. Bb3
Qb6 28. Be3 Qc7 29. Qf3 a5 30. Qe4 Ra8 31. Bc1 Qb6 32. Bc4 axb4 33. axb4 Qd8
34. Qf3 Qb6 35. Re4 Qc7 36. Rg4 Bd6 37. Rxg7+ Kxg7 38. Bh6+ Kxh6 39. Qf6+ Ng6
40. g4 Ra2 41. g5+ Kh5 42. Qf3+ Kxh4 43. Rh1+ Bh2 44. Rxh2+ Qxh2+ 45. Kxh2 Rb2
46. Qg3+ Kh5 47. Kh3 Ne7 48. Qh4+ Kg6 49. Qh6+ Kf5 50. Qf6+ Ke4 51. Qe5+ 1-0

[Event "Superettan(Rockaden,Sthlm II-Upsala)"]
[Site "?"]
[Date "2017.03.04"]
[Round "6"]
[White "Johansson, Thomas"]
[Black "Berovski, Krum"]
[Result "1/2-1/2"]
[WhiteElo "2236"]
[BlackElo "2315"]
[PlyCount "56"]
1. d4 Nf6 2. c4 e6 3. Nf3 Bb4+ 4. Nbd2 O-O 5. a3 Be7 6. e4 d5 7. e5 Nfd7 8. Bd3
c5 9. h4 h6 10. Bb1 cxd4 11. Qc2 f5 12. cxd5 exd5 13. Nb3 Nc6 14. Bf4 Qb6 15.
Ba2 Nc5 16. Nxc5 Qxc5 17. Qxc5 Bxc5 18. Bxd5+ Kh7 19. Rc1 Bb6 20. Bxc6 bxc6 21.
Rxc6 Bb7 22. Rd6 Rac8 23. b4 Rc3 24. Rh3 Rxa3 25. Rg3 Ra1+ 26. Kd2 Ra2+ 27. Kd1
Ra1+ 28. Kd2 Ra2+ 1/2-1/2

[Event "Superettan(Kamraterna-Vaxjo)"]
[Site "?"]
[Date "2017.03.04"]
[Round "6"]
[White "Andreasson, Ingvar"]
[Black "Rydstrom, Tom"]
[Result "1-0"]
[WhiteElo "2363"]
[BlackElo "2243"]
[PlyCount "87"]
1. c4 e5 2. Nc3 Nf6 3. Nf3 Nc6 4. d3 d5 5. cxd5 Nxd5 6. e4 Nf6 7. h3 Bc5 8. Be2
h6 9. O-O O-O 10. Be3 Bb6 11. b4 Re8 12. Rb1 Nd4 13. Bxd4 exd4 14. Na4 c6 15.
Qd2 Nh7 16. Nxb6 axb6 17. Bd1 Be6 18. a4 Ng5 19. Nh2 f5 20. f4 Nh7 21. Nf3 Qd7
22. Ne5 Qc7 23. exf5 Bd5 24. b5 Nf6 25. bxc6 bxc6 26. Qb2 c5 27. Qxb6 Qxb6 28.
Rxb6 c4 29. Nxc4 Bxc4 30. dxc4 Ne4 31. Bf3 d3 32. Re6 Nc3 33. Bxa8 Rxa8 34. Rd6
Rxa4 35. Rxd3 Rxc4 36. Re1 Nb5 37. Rd8+ Kf7 38. Rd7+ Kf6 39. Ree7 Rxf4 40. Rf7+
Kg5 41. Rxg7+ Kh5 42. f6 Rxf6 43. Rd5+ Kh4 44. Rg4# 1-0

[Event "Superettan(Rockaden,Sthlm II-Upsala)"]
[Site "?"]
[Date "2017.03.04"]
[Round "6"]
[White "Bryntze, Stefan"]
[Black "Johansson, Jan"]
[Result "1/2-1/2"]
[WhiteElo "2173"]
[BlackElo "2355"]
[PlyCount "248"]
1. f4 g6 2. Nf3 Bg7 3. e3 d6 4. Bc4 Nf6 5. O-O O-O 6. d4 Nbd7 7. a4 Qe8 8. Nc3
c6 9. Qe1 Nb6 10. Bd3 Bg4 11. Qh4 Bxf3 12. Rxf3 Qc8 13. f5 c5 14. a5 Nbd7 15.
Bd2 a6 16. Rh3 Re8 17. Rf1 Nf8 18. fxg6 fxg6 19. Bc4+ Kh8 20. Ne4 cxd4 21. Nxf6
exf6 22. Rxf6 h6 23. Bb3 Qd8 24. Rf7 Qxh4 25. Rxh4 Nh7 26. exd4 g5 27. Rh3
Bxd4+ 28. Kf1 Rf8 29. Ke2 Rxf7 30. Bxf7 Kg7 31. Bd5 Re8+ 32. Kd1 Nf6 33. Bxb7
Bxb2 34. Rb3 Be5 35. h3 d5 36. Bxa6 Ne4 37. Be1 d4 38. Rb7+ Kh8 39. Bd3 Nc3+
40. Bxc3 dxc3 41. Ke2 Bf4+ 42. Kf3 Re3+ 43. Kg4 Rxd3 44. a6 Rd8 45. a7 Kg8 46.
Kh5 Kf8 47. g4 Ke8 48. Kxh6 Ra8 49. Kg6 Kd8 50. Kf5 Kc8 51. Re7 Bc7 52. Re3
Rxa7 53. Rxc3 Ra5+ 54. Ke6 Kd8 55. Rf3 Ke8 56. c4 Re5+ 57. Kf6 Rc5 58. Re3+ Kd7
59. Re4 Bd8+ 60. Kg6 Be7 61. Kf7 Bd8 62. Kg6 Rc6+ 63. Kh5 Be7 64. h4 gxh4 65.
g5 h3 66. Rh4 Rc5 67. Kg4 Rxg5+ 68. Kxh3 Ke6 69. Rg4 Rh5+ 70. Kg2 Kf5 71. Rd4
Bf6 72. Rd5+ Be5 73. Rd8 Ke4 74. c5 Rh2+ 75. Kf1 Bf4 76. c6 Kf3 77. Rg8 Rf2+
78. Ke1 Rc2 79. Rd8 Rc1+ 80. Rd1 Rc5 81. Rd7 Re5+ 82. Kd1 Rc5 83. Ke1 Rxc6 84.
Rd8 Be3 85. Rf8+ Ke4 86. Rf7 Bf4 87. Rd7 Kf3 88. Rd3+ Be3 89. Rd8 Rc1+ 90. Rd1
Rc2 91. Rd7 Rg2 92. Kd1 Ke4 93. Ke1 Bd4 94. Rf7 Ke3 95. Re7+ Kd3 96. Rf7 Bc5
97. Rf5 Bd4 98. Rf7 Rg5 99. Rf8 Be5 100. Rf7 Rh5 101. Kf1 Ke3 102. Kg2 Rg5+
103. Kf1 Rg4 104. Rf5 Bd4 105. Rh5 Rf4+ 106. Kg2 Rg4+ 107. Kh3 Re4 108. Rb5 Bf6
109. Kg2 Ke2 110. Rf5 Bd4 111. Ra5 Rg4+ 112. Kh3 Rg1 113. Ra4 Bf2 114. Rg4 Ra1
115. Rb4 Rh1+ 116. Kg2 Rg1+ 117. Kh3 Kf3 118. Rb3+ Be3 119. Rb7 Rg8 120. Rb4
Rh8+ 121. Rh4 Rd8 122. Ra4 Rd3 123. Kh4 Bf4 124. Ra1 Rd5 1/2-1/2

[Event "Superettan(Kamraterna-Vaxjo)"]
[Site "?"]
[Date "2017.03.04"]
[Round "6"]
[White "Lindberg, Bengt"]
[Black "Svenn, Gosta"]
[Result "1-0"]
[WhiteElo "2376"]
[BlackElo "2334"]
[PlyCount "107"]
1. e4 e5 2. Nf3 Nc6 3. Bb5 a6 4. Ba4 Nf6 5. O-O Be7 6. Re1 b5 7. Bb3 d6 8. c3
O-O 9. h3 h6 10. d4 Re8 11. Nbd2 Bf8 12. d5 Nb8 13. a4 Bb7 14. Qe2 Nbd7 15. Bc2
c6 16. dxc6 Bxc6 17. c4 bxa4 18. Bxa4 Bxa4 19. Rxa4 Nc5 20. Ra3 a5 21. Nh2 a4
22. Ng4 Nxg4 23. Qxg4 Qc8 24. Qd1 Qc6 25. Rg3 Rab8 26. Ree3 Rb4 27. Qh5 Re6 28.
Ref3 g6 29. Qh4 Qd7 30. Rc3 Qe7 31. Qg4 Bg7 32. Qd1 Qb7 33. Rge3 Bf6 34. Re2
Bg5 35. f3 Qb6 36. Kh1 Re8 37. Nf1 Rb8 38. Ne3 Bxe3 39. Rexe3 Nb3 40. Red3 Nxc1
41. Rxd6 Qf2 42. Rd2 Qb6 43. c5 Qb5 44. c6 Rd4 45. Qxc1 Rc8 46. Rdc2 Kg7 47.
Rc5 Qb6 48. Rd5 Qc7 49. Rcc5 Re8 50. Qc3 Rd8 51. Rxd8 Qxd8 52. Rd5 Qb6 53. c7
a3 54. bxa3 1-0

[Event "Superettan(Rockaden,Sthlm II-Upsala)"]
[Site "?"]
[Date "2017.03.04"]
[Round "6"]
[White "Malm Lindberg, Henrik"]
[Black "Zadruzny, Nicolaj"]
[Result "0-1"]
[WhiteElo "2232"]
[BlackElo "2257"]
[PlyCount "73"]
1. e4 e5 2. Nf3 Nc6 3. Bb5 a6 4. Ba4 Nf6 5. O-O b5 6. Bb3 Bc5 7. a4 Rb8 8. Nxe5
Nxe5 9. d4 Bxd4 10. Qxd4 d6 11. f4 Nc6 12. Qd3 O-O 13. axb5 axb5 14. Nc3 Nb4
15. Qg3 Be6 16. e5 dxe5 17. fxe5 Nh5 18. Qg5 Qxg5 19. Bxg5 Rfe8 20. Ra7 Bxb3
21. cxb3 Rxe5 22. Bf4 Nxf4 23. Rxf4 Re1+ 24. Rf1 Rxf1+ 25. Kxf1 c6 26. Ke2 Re8+
27. Kf3 Rd8 28. Rc7 h5 29. Ke2 Rd6 30. Ne4 Re6 31. Kf3 g6 32. h4 Nd3 33. Ng5
Rf6+ 34. Ke4 Nc5+ 35. Ke5 Kg7 36. g3 Nxb3 37. Ne4 0-1

[Event "Superettan(Kamraterna-Vaxjo)"]
[Site "?"]
[Date "2017.03.04"]
[Round "6"]
[White "Svensson, Bengt"]
[Black "Bromann, Thorbjorn"]
[Result "1/2-1/2"]
[WhiteElo "2323"]
[BlackElo "2408"]
[PlyCount "99"]
1. e4 e6 2. d4 d5 3. Nc3 Nf6 4. e5 Nfd7 5. f4 c5 6. Nf3 Nc6 7. Be3 a6 8. Qd2 b5
9. dxc5 Bxc5 10. Bxc5 Nxc5 11. Bd3 Qb6 12. Ne2 b4 13. Ned4 a5 14. Bb5 Bd7 15.
Bxc6 Bxc6 16. O-O Ne4 17. Qe3 Bb5 18. Rfe1 O-O 19. Kh1 Rac8 20. a3 bxa3 21.
Rxa3 a4 22. Nd2 Nxd2 23. Qxd2 Rc4 24. c3 Bd7 25. h3 Rcc8 26. Re3 Rb8 27. Ra2 f6
28. exf6 gxf6 29. f5 e5 30. Ne6 Bxe6 31. Rg3+ Kh8 32. Qh6 Rf7 33. fxe6 Qxe6 34.
Rxa4 e4 35. Qf4 Qe5 36. Qxe5 fxe5 37. Kg1 Rfb7 38. Ra5 Rb5 39. Rxb5 Rxb5 40.
Rg5 Rxb2 41. Rxe5 Rd2 42. Kf1 Kg7 43. Ke1 Rd3 44. c4 Re3+ 45. Kf2 d4 46. Rd5
Rd3 47. c5 Rd2+ 48. Ke1 Rxg2 49. Rxd4 Rc2 50. Rxe4 1/2-1/2

[Event "Superettan(Rockaden,Sthlm II-Upsala)"]
[Site "?"]
[Date "2017.03.04"]
[Round "6"]
[White "Sorensen, Hampus"]
[Black "Burwick, Malte"]
[Result "0-1"]
[WhiteElo "2128"]
[BlackElo "2251"]
[PlyCount "82"]
1. d4 g6 2. c4 Bg7 3. Nc3 d6 4. e4 Nf6 5. Nf3 O-O 6. Be2 Bg4 7. Be3 Nfd7 8. Ng1
Bxe2 9. Ngxe2 c5 10. h4 Nc6 11. h5 cxd4 12. Nxd4 Nde5 13. hxg6 hxg6 14. Nf5
Nxc4 15. Nh6+ Bxh6 16. Bxh6 Nxb2 17. Qg4 Qa5 18. Qh3 Rfc8 19. Bg5 Qe5 20. Qh7+
Kf8 21. Bh6+ Ke8 22. Bg7 Qe6 23. O-O Nc4 24. f4 f5 25. exf5 gxf5 26. Rfe1 Qf7
27. Rab1 b6 28. Rb5 Nd4 29. Rd5 Ne6 30. Rxf5 Qxg7 31. Qh5+ Kd7 32. Rxe6 Qd4+
33. Kf1 Kxe6 34. Qf7+ Kd7 35. Nd5 Ne3+ 36. Ke2 Nxd5 37. Rxd5 Qe4+ 38. Kf2 Rc2+
39. Kg3 Rxg2+ 40. Kh4 Qe1+ 41. Kh5 Qh1# 0-1

[Event "Superettan(Orgryte-Kamraterna)"]
[Site "?"]
[Date "2017.03.03"]
[Round "4"]
[White "Mohammadi, Amir"]
[Black "Fransson, Percy"]
[Result "1-0"]
[WhiteElo "2297"]
[BlackElo "2118"]
[PlyCount "105"]
1. e4 e6 2. d4 d5 3. Nc3 Bb4 4. Nge2 dxe4 5. a3 Bxc3+ 6. Nxc3 Nc6 7. Bb5 Nge7
8. Nxe4 Qd5 9. Qd3 a6 10. c4 Qf5 11. Ba4 O-O 12. Bc2 Rd8 13. Be3 Nxd4 14. Bxd4
e5 15. Nf6+ gxf6 16. Qe2 Qg4 17. Bc3 Qxe2+ 18. Kxe2 Bf5 19. Bb4 Nc6 20. Bxf5
Nd4+ 21. Kf1 Nxf5 22. g4 Nd6 23. Rc1 a5 24. Bc5 Kg7 25. Ke2 f5 26. Rhg1 f4 27.
f3 Rd7 28. Rgd1 Rad8 29. Bf2 Ne8 30. Rxd7 Rxd7 31. c5 Rd5 32. Rc4 b5 33. cxb6
cxb6 34. Rc6 b5 35. Be1 a4 36. Bc3 Nf6 37. h4 Nd7 38. g5 f6 39. Kf2 fxg5 40.
hxg5 Nf8 41. Kg2 Kf7 42. Rf6+ Kg8 43. Kh3 Nd7 44. Re6 Kf7 45. Rh6 Rd1 46. Kg4
Nf8 47. Bxe5 Ng6 48. Rxh7+ Ke6 49. Bxf4 Rd4 50. Rh6 Kf7 51. Kg3 Rxf4 52. Rxg6
Rf5 53. Rf6+ 1-0

[Event "Superettan(Orgryte-Kamraterna)"]
[Site "?"]
[Date "2017.03.03"]
[Round "4"]
[White "Fransson, Patrick"]
[Black "Hamark, Jesper"]
[Result "0-1"]
[WhiteElo "2133"]
[BlackElo "2291"]
[PlyCount "72"]
1. d4 d5 2. Bg5 Nf6 3. e3 c5 4. c3 Ne4 5. Bf4 Qb6 6. f3 Nf6 7. Qc2 Nc6 8. Nd2
g6 9. Bd3 Bg7 10. g4 O-O 11. dxc5 Qxc5 12. Nb3 Qb6 13. Qd2 e5 14. Bg3 e4 15. g5
exd3 16. gxf6 Bxf6 17. Qxd3 Bf5 18. Qd2 Rfe8 19. Kf2 Ne5 20. Bxe5 Rxe5 21. Ne2
Rae8 22. Nbd4 Bd7 23. Rhe1 Bg7 24. Ng3 h5 25. f4 R5e7 26. Re2 h4 27. Nf1 Bg4
28. Ree1 Re4 29. Kg2 g5 30. h3 Bh5 31. Kh2 gxf4 32. Nf5 Be5 33. Qxd5 fxe3+ 34.
N1g3 Bxg3+ 35. Nxg3 hxg3+ 36. Kxg3 R8e5 0-1

[Event "Superettan(Orgryte-Kamraterna)"]
[Site "?"]
[Date "2017.03.03"]
[Round "4"]
[White "Borvander, Tom"]
[Black "Anderzen, Robert"]
[Result "1/2-1/2"]
[WhiteElo "2153"]
[BlackElo "2101"]
[PlyCount "67"]
1. d4 Nf6 2. c4 g6 3. Nc3 Bg7 4. Nf3 O-O 5. g3 d6 6. Bg2 Nc6 7. O-O a6 8. h3
Rb8 9. e4 e5 10. d5 Ne7 11. c5 dxc5 12. Nxe5 Nxe4 13. Nxf7 Nxc3 14. Nxd8 Nxd1
15. Rxd1 Rxd8 16. Bf4 Rd7 17. d6 cxd6 18. Bxd6 Ra8 19. Bxe7 Rxe7 20. Rd8+ Bf8
21. Rad1 Bg4 22. hxg4 Rxd8 23. Rxd8 Rc7 24. Bd5+ Kg7 25. Rb8 b5 26. Rb6 Rd7 27.
Bc6 Rd1+ 28. Kg2 Rd2 29. Rxa6 Rxb2 30. g5 Be7 31. Ra7 Kf8 32. Ra8+ Kg7 33. Ra7
Kf8 34. Ra8+ 1/2-1/2

[Event "Superettan(Orgryte-Kamraterna)"]
[Site "?"]
[Date "2017.03.03"]
[Round "4"]
[White "Lauritzson, Peter"]
[Black "Nyberg, Ulf"]
[Result "0-1"]
[WhiteElo "2133"]
[BlackElo "2146"]
[PlyCount "94"]
1. Nf3 d5 2. c4 d4 3. e3 Nc6 4. b4 dxe3 5. fxe3 Nxb4 6. d4 e5 7. a3 e4 8. Ne5
Nc6 9. Qa4 Bd7 10. Nxd7 Qxd7 11. Nc3 Nf6 12. Rb1 Nd8 13. Qc2 Qg4 14. Nb5 Bd6
15. c5 Bxh2 16. Be2 Bg3+ 17. Kd1 Qg6 18. Rh3 O-O 19. Nc3 c6 20. Bc4 Re8 21. Bd2
Bc7 22. Be1 b6 23. cxb6 axb6 24. Bh4 Nd5 25. Bxd5 cxd5 26. Nxd5 Qh5+ 27. Kd2
Qxd5 28. Qxc7 Ne6 29. Qxb6 Rxa3 30. Rb2 f5 31. Bg3 f4 32. Bxf4 Nxf4 33. exf4
e3+ 34. Ke1 Ra1+ 35. Rb1 Rxb1+ 36. Qxb1 Qa5+ 37. Ke2 Qd2+ 38. Kf3 Qf2+ 39. Kg4
Qxg2+ 40. Rg3 Qd5 41. Rg1 e2 42. Re1 Qg2+ 43. Kh4 Qh2+ 44. Kg4 Qg2+ 45. Kh4 g5+
46. Kh5 Qh3+ 47. Kxg5 h6+ 0-1

[Event "Superettan(Orgryte-Kamraterna)"]
[Site "?"]
[Date "2017.03.03"]
[Round "4"]
[White "Aberg, Anton"]
[Black "Tukhaev, Adam"]
[Result "0-1"]
[WhiteElo "2382"]
[BlackElo "2516"]
[PlyCount "78"]
[SourceDate "2017.03.08"]
1. d4 Nf6 2. Bg5 Ne4 3. Bf4 c5 4. d5 Qb6 5. Nd2 Nxd2 6. Bxd2 Qxb2 7. Nf3 Na6 8.
e4 Nb4 9. Rc1 g5 10. c3 Nxa2 11. Rc2 Qb3 12. Bd3 Nb4 13. cxb4 Qxd3 14. Nxg5 Bg7
15. bxc5 O-O 16. Be3 Qb5 17. Qe2 Qb4+ 18. Qd2 Qb1+ 19. Rc1 Qb5 20. Nf3 d6 21.
Nd4 Qa6 22. cxd6 Qxd6 23. O-O Bd7 24. Rb1 b6 25. Rfd1 Rfc8 26. Rdc1 Rxc1+ 27.
Rxc1 a5 28. Nc6 Bxc6 29. Rxc6 Qb4 30. Qc1 Qxe4 31. f3 Qf5 32. Rxb6 Qxd5 33. Qb1
Bd4 34. Bxd4 Qxd4+ 35. Kh1 Rc8 36. Rb8 Rxb8 37. Qxb8+ Kg7 38. Qb1 a4 39. g3 a3
0-1

[Event "Superettan(Orgryte-Kamraterna)"]
[Site "?"]
[Date "2017.03.03"]
[Round "4"]
[White "Ziegler, Ari"]
[Black "Andreasson, Ingvar"]
[Result "1/2-1/2"]
[WhiteElo "2299"]
[BlackElo "2363"]
[PlyCount "72"]
1. d4 Nf6 2. Bf4 c5 3. e3 g6 4. Nf3 Bg7 5. Be2 O-O 6. O-O d6 7. h3 b6 8. c3 Bb7
9. a4 a6 10. Qb3 Nbd7 11. Rd1 Rb8 12. Nbd2 b5 13. axb5 axb5 14. Qc2 Qb6 15. e4
cxd4 16. cxd4 Rfc8 17. Qb1 Ra8 18. Rxa8 Rxa8 19. d5 b4 20. Nc4 Qa7 21. Be3 Nc5
22. Nfd2 Nfd7 23. f3 Qa2 24. Kf1 Qxb1 25. Rxb1 f5 26. Ke1 Ra2 27. Kd1 Ba6 28.
Kc2 Bb5 29. Re1 b3+ 30. Kb1 Bxc4 31. Nxc4 fxe4 32. fxe4 Ra4 33. Nd2 Ra2 34. Nc4
Ra4 35. Nd2 Ra2 36. Nc4 Ra4 1/2-1/2

[Event "Superettan(Orgryte-Kamraterna)"]
[Site "?"]
[Date "2017.03.03"]
[Round "4"]
[White "Svenn, Gosta"]
[Black "Kumar, Rahul"]
[Result "1/2-1/2"]
[WhiteElo "2334"]
[BlackElo "2214"]
[PlyCount "94"]
1. d4 d6 2. e4 Nd7 3. Nf3 e6 4. c4 g6 5. Nc3 Bg7 6. Bg5 Ne7 7. Qd2 h6 8. Be3 b6
9. Bd3 Bb7 10. O-O Kf8 11. b4 Kg8 12. Rab1 Kh7 13. d5 exd5 14. cxd5 c6 15. dxc6
Nxc6 16. Rfd1 Rc8 17. Nb5 Nde5 18. Nxe5 dxe5 19. Be2 Nd4 20. Nxd4 exd4 21. Bxd4
Bxe4 22. Bxg7 Qxd2 23. Rxd2 Bxb1 24. Bxh8 Kxh8 25. f3 Kg7 26. Bd1 Rc1 27. a3
Bc2 28. Rxc2 Rxd1+ 29. Kf2 Ra1 30. Rc3 Ra2+ 31. Kg3 Kf6 32. f4 g5 33. fxg5+
hxg5 34. Re3 Kf5 35. h3 Kg6 36. Kf3 Kh5 37. g4+ Kg6 38. Ke4 Rd2 39. Rc3 f6 40.
Rc7 a5 41. Rc6 Ra2 42. bxa5 bxa5 43. Rc3 a4 44. Kd4 Rf2 45. Ke3 Rb2 46. Kd4 Rf2
47. Ke3 Rb2 1/2-1/2

[Event "Superettan(Orgryte-Kamraterna)"]
[Site "?"]
[Date "2017.03.03"]
[Round "4"]
[White "Arnelind, Mikael"]
[Black "Svensson, Bengt"]
[Result "1/2-1/2"]
[WhiteElo "2177"]
[BlackElo "2323"]
[PlyCount "78"]
1. d4 d5 2. c4 dxc4 3. Nf3 Nf6 4. e3 b5 5. a4 b4 6. Bxc4 e6 7. O-O Be7 8. Qe2
Bb7 9. Nbd2 O-O 10. Rd1 a5 11. e4 c5 12. e5 Nd5 13. Ne4 Nd7 14. Bg5 h6 15. Bxe7
Qxe7 16. Nd6 Bc6 17. Bb5 Bxb5 18. Nxb5 cxd4 19. Nbxd4 Rfc8 20. Nf5 exf5 21.
Rxd5 Nc5 22. h3 Qb7 23. Rad1 Ne6 24. Qe3 Qc6 25. b3 Rc7 26. Nh4 Qc2 27. R5d3
Nc5 28. Qf3 Nxd3 29. Qxa8+ Rc8 30. Qf3 Qxd1+ 31. Qxd1 Rc1 32. Qf1 Rxf1+ 33.
Kxf1 Nc5 34. Nxf5 Nxb3 35. Nd6 Nc5 36. Nc4 Nxa4 37. Nxa5 Nc5 38. Ke2 Kf8 39.
Kd2 Ke7 1/2-1/2